K problematike výnosovej krivky štátnych dlhopisov počas finančnej krízy

Štatistická analýza reakcie denných rozpätí štátnych dlhopisov na najsilnejšie impulzy prichádzajúce z neštandardných opatrení menovej politiky.

Salvato in:
Dettagli Bibliografici
Autore principale: Gertler, Ľubomíra, 1977-
Natura: Capitolo di libro
Lingua:slovacco
Soggetti:
Tags: Aggiungi Tag
Nessun Tag, puoi essere il primo ad aggiungerne!!

MARC

LEADER 00000naa a2200000 4500
001 0183181
005 20240502083430.6
041 0 |a slo 
044 |a CZ 
245 1 0 |a K problematike výnosovej krivky štátnych dlhopisov počas finančnej krízy  |c Ľubomíra Gertler 
520 |a Štatistická analýza reakcie denných rozpätí štátnych dlhopisov na najsilnejšie impulzy prichádzajúce z neštandardných opatrení menovej politiky. 
610 2 0 |a analýza štatistická 
610 2 0 |a politika menová 
610 2 0 |a eurozóna 
610 2 0 |a kríza finančná 
610 2 0 |a dlhopisy štátne 
100 1 |a Gertler, Ľubomíra, 1977-